Gestió de projectes
Publicado:
Barcelona :
Diputació de Barcelona, Àrea de Règim Interior, Hisenda i Planificació, [Servei de Formació Local] ,
2002
Descripción Física:
2 v. 95, 50 p. ; 30 cm
Colección:
Manuals de formació municipal ; 7
MARC
| LEADER | 00000nam a2200000Ia 4500 | ||
|---|---|---|---|
| 001 | 15104, 15105 | ||
| 008 | 160829s2002 xx 000 0 cat d | ||
| 080 | |a M-4-285, M-4-286 | ||
| 245 | |a Gestió de projectes | ||
| 260 | |a Barcelona : |b Diputació de Barcelona, Àrea de Règim Interior, Hisenda i Planificació, [Servei de Formació Local], |c 2002 | ||
| 300 | |a 2 v. 95, 50 p. ; |c 30 cm | ||
| 490 | |a Manuals de formació municipal ; 7 | ||
| 590 | |a Conté: v. 1: Manual de consulta; v. 2: Manual del formador | ||
| 650 | |a Mètode de projectes |x Formació professional |9 28017 | ||
| 650 | |a Planificació estratègica |x Formació professional |9 28018 | ||
| 710 | |a Barcelona (Catalunya : Província). |b Servei de Formació Local |9 53659 | ||
| 901 | |a Arxiu | ||
| 942 | |n 1 | ||
| 952 | |0 0 |1 0 |4 0 |6 M4285_M4286 |7 1 |9 44637 |a Arxiu |b Arxiu |d 2016-12-01 |l 0 |o M-4-285, M-4-286 |p 15104, 15105 |r 2016-12-01 00:00:00 |w 2016-12-01 |y ARXIU | ||
| 999 | |c 47218 |d 47218 | ||